000
00326nam a22001457a 4500
008
230907b ||||| |||| 00| 0 eng d
020
_a
9780262010917
041
_a
eng
080
_a
521
082
_a
521AKH
100
_a
19
101
_a
ASTRO
245
_a
CONCEPTIONS OF SPACE AND TIME
_c
AKHUNDOV.D.M
942
_2
udc
_c
BK
999
_c
60286
_d
60286